9TH JUDGEMENT (Record no. 2432)
[ view plain ]
| 000 -LEADER | |
|---|---|
| fixed length control field | 00579nam a22001457a 4500 |
| 020 ## - INTERNATIONAL STANDARD BOOK NUMBER | |
| ISBN | 978-1-8460-5481-5 |
| 082 ## - DEWEY DECIMAL CLASSIFICATION NUMBER | |
| Classification number | 823 |
| Item number | PAT/N |
| 100 ## - MAIN ENTRY--AUTHOR NAME | |
| Personal name | PATTERSON, JAMES |
| 245 ## - TITLE STATEMENT | |
| Title | 9TH JUDGEMENT |
| 260 ## - PUBLICATION, DISTRIBUTION, ETC. (IMPRINT) | |
| Place of publication | LONDON |
| Name of publisher | CENTURY |
| Year of publication | 2010 |
| 300 ## - PHYSICAL DESCRIPTION | |
| Number of Pages | 359 |
| 520 ## - SUMMARY, ETC. | |
| Summary, etc | The Women's Murder Club takes on two deranged killers, but Detective Lindsay Boxer begins to wonder if the mysterious case is also breaking apart her closest friendships. During an intimate dinner party, a cat burglar breaks into the home of A-list actor Marcus Dowling. |
| 650 ## - SUBJECT ADDED ENTRY--TOPICAL TERM | |
| Topical Term | NOVEL |
| Geographic subdivision | UNITED KINGDOM |
| 942 ## - ADDED ENTRY ELEMENTS (KOHA) | |
| Koha item type | Books |
| Withdrawn status | Lost status | Collection code | Home library | Current library | Shelving location | Date acquired | Source of acquisition | Full call number | Accession Number | Koha item type |
|---|---|---|---|---|---|---|---|---|---|---|
| Reference | Main Library | Main Library | SHELF 1-J-ENGLISH NOVELS FOR TEACHERS | 12/10/2012 | purchase | 823 PAT/N | 07114 | Books |